Central Library OPAC University of Rajshahi

বাণিজ্যিক ও শিল্প আইন = [Commercial and Industial Law] / (Record no. 59903)

MARC details
000 -LEADER
fixed length control field 00932nam a22002537a 4500
001 - CONTROL NUMBER
control field 59903
003 - CONTROL NUMBER IDENTIFIER
rucl marc code BD-RjUL
005 - DATE AND TIME OF LATEST TRANSACTION
control field 20211209080759.0
008 - FIXED-LENGTH DATA ELEMENTS--GENERAL INFORMATION
fixed length control field 161227s1987 bg ||||| |||| 001 0 ben d
020 ## - INTERNATIONAL STANDARD BOOK NUMBER
Terms of availability : TK 75.00
035 ## - SYSTEM CONTROL NUMBER
System control number (BD-RjUL)60027
040 ## - CATALOGING SOURCE
Original cataloging agency BD-RjUL
Language of cataloging ben
Transcribing agency BD-RjUL
041 ## - LANGUAGE CODE
Language code of text/sound track or separate title ben
082 ## - DEWEY DECIMAL CLASSIFICATION NUMBER
Edition number 23
Classification number 346.075492
Author mark and year ALB 1987
100 1# - MAIN ENTRY--PERSONAL NAME
Personal name আলী, এম. এইচ.
9 (RLIN) 136762
245 10 - TITLE STATEMENT
Title বাণিজ্যিক ও শিল্প আইন = [Commercial and Industial Law] /
Statement of responsibility, etc. এম. এইচ. আলী
250 ## - EDITION STATEMENT
Edition statement ১০ম সং.
260 ## - PUBLICATION, DISTRIBUTION, ETC. (IMPRINT)
Place of publication, distribution, etc. ঢাকা :
Name of publisher, distributor, etc. পুথিঘর,
Date of publication, distribution, etc. ১৯৮৭
300 ## - PHYSICAL DESCRIPTION
Pagination [১৬], বিভিন্ন পৃ. ;
Size ২০ সেমি.
505 ## - FORMATTED CONTENTS NOTE
Formatted contents note সংযুক্ত পরিশিষ্ট
650 ## - SUBJECT ADDED ENTRY--TOPICAL TERM
Topical term or geographic name as entry element বাণিজ্যিক আইন
Geographic subdivision বাংলাদেশ
9 (RLIN) 143814
Topical term or geographic name as entry element Commercial law
Geographic subdivision Bangladesh
9 (RLIN) 143815
942 ## - ADDED ENTRY ELEMENTS (KOHA)
Source of classification or shelving scheme Dewey Decimal Classification
Koha item type Books
Holdings
Lost status Source of classification or shelving scheme Damaged status Not for loan Collection code Permanent Location Current Location Shelving location Date acquired Source of acquisition Cost, normal purchase price Total Checkouts Full call number Date last seen Copy number Koha item type
  Dewey Decimal Classification   Not For Loan Non-fiction Central Library, University of Rajshahi Central Library, University of Rajshahi Reading Room 09/02/1988 Warsi book center 100.00   B 346.075492 ALB 1987 27/12/2016 C-1 Books